00421nam a22001217a 450000500170000000800410001702000180005808200130007610000490008924501110013826000360024930000140028520250717112035.0250717b |||||||| |||| 00| 0 eng d a9789395939607 a346.0166 aBhagat, Y P. Kumar Keshav. Singh, Ranjeeta.  aLaws on marriage, divorce and maintenance in India : amongst Hindus, Muslims, Sikhs, Parsis and Christians aDelhibVinod Publicationsc2024 acxvi, 929